| 000 | 00834nas a2200277 4500 | ||
|---|---|---|---|
| 001 | BR0803860 | ||
| 003 | BR-BrBNA | ||
| 005 | 20231205112340.0 | ||
| 007 | ta | ||
| 008 | 230509b bl.|||p| |||| 00| 00por d | ||
| 040 |
_aBR-BrBNA _bpor _cBiblioteca Nacional de Agricultura |
||
| 041 | _a(En) | ||
| 072 | _aF30 | ||
| 100 | 1 | _aRodrigues, O. | |
| 100 | 1 | _aLhamby, J.C.B. | |
| 100 | 1 | _aDidonet, A.D. | |
| 100 | 1 | _aMarchese, J.A. | |
| 245 | 1 | _aFifty years of wheat breeding in southern Brazil: yield improvement and associated changes | |
| 650 | _aTRIGO | ||
| 650 | _aPARAMETRO GENETICO | ||
| 650 | _aCOLHEITA | ||
| 650 | _aRENDIMENTO | ||
| 773 | 0 |
_tPesquisa Agropecuária Brasileira (Brazil) _xISSN 0100-204X _g(Jun 2007), v. 42(6) p. 817-825 _wBR0803860 |
|
| 909 |
_a202311 _bLúcia _c55 _dLúcia Elande |
||
| 942 |
_2AGRIS _n0 _cANA |
||
| 999 |
_c197558 _d197558 |
||